[Event "Skalica op"]
[Site "Skalica"]
[Date "2020.01.11"]
[Round "7"]
[White "Rehak, Miroslav"]
[Black "Melich, Jindrich"]
[Result "0-1"]
[WhiteElo "1426"]
[BlackElo "2046"]
[PlyCount "122"]
[EventDate "2020.01.11"]
[EventType "swiss"]
[EventRounds "9"]
[EventCountry "SVK"]
[SourceTitle "CBM 194 Extra"]
[Source "ChessBase"]
[SourceDate "2020.03.31"]
[SourceVersion "1"]
[SourceVersionDate "2020.03.31"]
[SourceQuality "1"]

1. e4 d6 2. d4 Nf6 3. Nd2 g6 4. Be2 Bg7 5. c3 Nc6 6. Bf3 e5 7. d5 Ne7 8. Ne2 0-0 9. Ng3 Ne8 10. 0-0 f5 11. exf5 Nxf5 12. Nxf5 gxf5 13. g3 Nf6 14. Qc2 b6 15. Nb3 e4 16. Bg2 Nxd5 17. Nd4 c5 18. Ne2 Qe7 19. Nf4 Nxf4 20. Bxf4 d5 21. Rad1 Be6 22. Rfe1 Rad8 23. b3 Qf6 24. Rc1 Rf7 25. f3 Bh6 26. Bxh6 Qxh6 27. fxe4 fxe4 28. Rcd1 Qf6 29. Rf1 Qe7 30. Rxf7 Bxf7 31. Qe2 Bg6 32. a3 Kg7 33. b4 d4 34. cxd4 cxd4 35. Re1 e3 36. Bc6 d3 37. Qxe3 Qxe3+ 38. Rxe3 d2 39. Ba4 d1Q+ 40. Bxd1 Rxd1+ 41. Kg2 Rd7 42. g4 h6 43. h3 Kf7 44. Rc3 Be4+ 45. Kf2 Kf6 46. h4 Ke5 47. g5 hxg5 48. hxg5 Kf4 49. g6 Bxg6 50. Rc4+ Ke5 51. Kg3 Be4 52. Kf2 Rd3 53. Ke2 Rxa3 54. Rc8 a5 55. bxa5 bxa5 56. Kd2 Rd3+ 57. Kc1 a4 58. Kb2 a3+ 59. Ka2 Bd5+ 60. Kb1 a2+ 61. Kb2 Re3 0-1